आई.टी.प्राइमर / (Record no. 61585)

MARC details
000 -LEADER
fixed length control field 00698nam a22001937a 4500
005 - DATE AND TIME OF LATEST TRANSACTION
control field 2012012806076.0
010 ## - LCCN (DPL NO)
LC control number
020 ## - INTERNATIONAL STANDARD BOOK NUMBER
Terms of availability
International Standard Book Number 8176561894
035 ## - SYSTEM CONTROL NUMBER
System control number B-67301
037 ## - SOURCE OF ACQUISITION
Source of stock number/acquisition
Stock number dpl
082 ## - DEWEY DECIMAL CLASSIFICATION NUMBER
Classification number 004
100 ## - MAIN ENTRY--PERSONAL NAME
Personal name भटनागर, उमा
245 1# - TITLE STATEMENT
Title आई.टी.प्राइमर /
Statement of responsibility, etc उमा भटनागर
260 ## - PUBLICATION, DISTRIBUTION, ETC. (IMPRINT)
Place of publication, distribution, etc नई दिल्ली
Name of publisher, distributor, etc बी.पी.बी.पब्लिकेशन्स
Date of publication, distribution, etc 2000
270 ## - ADDRESS
Address
City
Postal code
Telephone number
300 ## - PHYSICAL DESCRIPTION
Extent 143पृ.
Dimensions 22सेमी (सजिल्द)
942 ## - ADDED ENTRY ELEMENTS (KOHA)
Institution code [OBSOLETE] dpl
Item type Hindi Books
Call number prefix
Source of classification or shelving scheme Dewey Decimal Classification
Classification part 004
Call number suffix भटना
Holdings
Withdrawn status Lost status Not for loan Collection code Home library Current library Date acquired Full call number Barcode Koha item type
      Non-fiction Sarojini Nagar Sarojini Nagar 28/01/2012 004 भटना B-67301 Hindi Books

© Delhi Public Library
Hit Counter
free hit counter